<?xml version="1.0" encoding="UTF-8"?>
<collection xmlns:xsi="http://www.w3.org/2001/XMLSchema-instance" xsi:schemaLocation="http://www.loc.gov/MARC21/slim http://www.loc.gov/standards/marcxml/schema/MARC21slim.xsd" xmlns="http://www.loc.gov/MARC21/slim">
 <record>
  <leader>00000nam a22000004a 4500</leader>
  <controlfield tag="001">UP-8027390931316662133</controlfield>
  <controlfield tag="003">Buklod</controlfield>
  <controlfield tag="005">20260311084948.0</controlfield>
  <controlfield tag="006">m    |o  d |      </controlfield>
  <controlfield tag="007">cr |||||||||||</controlfield>
  <controlfield tag="008">260311s2017    enk        u        eng d</controlfield>
  <datafield tag="020" ind1=" " ind2=" ">
   <subfield code="a">9780822373124</subfield>
   <subfield code="a">(ebook)</subfield>
  </datafield>
  <datafield tag="037" ind1=" " ind2=" ">
   <subfield code="a">Fi-2051eb</subfield>
   <subfield code="b">Megatexts</subfield>
   <subfield code="c">₱12,210.00</subfield>
  </datafield>
  <datafield tag="040" ind1="0" ind2=" ">
   <subfield code="a">DMLF</subfield>
   <subfield code="e">rda</subfield>
  </datafield>
  <datafield tag="041" ind1="0" ind2=" ">
   <subfield code="a">eng</subfield>
  </datafield>
  <datafield tag="042" ind1=" " ind2=" ">
   <subfield code="a">DMLUC</subfield>
  </datafield>
  <datafield tag="084" ind1=" " ind2=" ">
   <subfield code="a">JV 8685</subfield>
   <subfield code="b">P53 2020eb</subfield>
  </datafield>
  <datafield tag="100" ind1="1" ind2=" ">
   <subfield code="a">Pido, Eric J.</subfield>
   <subfield code="e">author.</subfield>
  </datafield>
  <datafield tag="245" ind1="0" ind2="0">
   <subfield code="a">Migrant returns</subfield>
   <subfield code="b">Manila, development, and transnational connectivity</subfield>
   <subfield code="c">Eric J. Pido.</subfield>
  </datafield>
  <datafield tag="264" ind1=" " ind2="1">
   <subfield code="a">Durham</subfield>
   <subfield code="b">Duke University Press</subfield>
   <subfield code="c">2017.</subfield>
  </datafield>
  <datafield tag="264" ind1=" " ind2="0">
   <subfield code="c">©2020.</subfield>
  </datafield>
  <datafield tag="300" ind1=" " ind2=" ">
   <subfield code="a">[1 online resource] xv, 211 pages.</subfield>
  </datafield>
  <datafield tag="336" ind1=" " ind2=" ">
   <subfield code="a">text</subfield>
   <subfield code="2">rdacontent</subfield>
  </datafield>
  <datafield tag="337" ind1=" " ind2=" ">
   <subfield code="a">computer</subfield>
   <subfield code="2">rdamedia</subfield>
  </datafield>
  <datafield tag="338" ind1=" " ind2=" ">
   <subfield code="a">online resource</subfield>
   <subfield code="2">rdacarrier</subfield>
  </datafield>
  <datafield tag="504" ind1=" " ind2=" ">
   <subfield code="a">Includes bibliographical references and index.</subfield>
  </datafield>
  <datafield tag="505" ind1="0" ind2="0">
   <subfield code="a">Introduction: An ethnography of return -- Departures -- The Balikbayan economy: Filipino Americans and the contemporary transformation of Manila -- The foreign local: Balikbayans, overseas Filipino workers, and the return economy -- Transnational real estate: selling the American dream in the Philippines -- Returns -- The Balikbayan hotel: touristic performance in Manila and the anxiety of return -- The Balikbayan house: the precarity of return migrant homes -- Domestic affects: the Philippine retirement authority, retiree visas, and the national -- Discourse of homecoming -- Conclusion: Retirement landscapes and the geography of exception.</subfield>
  </datafield>
  <datafield tag="520" ind1="0" ind2=" ">
   <subfield code="a">Eric J. Pido examines the complicated relationship between the Philippine economy, Manila’s urban development, and Filipino migrants visiting or returning to their homeland, showing migration to be a multidirectional, layered, and continuous process with varied and often fraught outcomes.</subfield>
  </datafield>
  <datafield tag="650" ind1="0" ind2="0">
   <subfield code="a">Return migration</subfield>
   <subfield code="z">Philippines.</subfield>
  </datafield>
  <datafield tag="650" ind1="0" ind2="0">
   <subfield code="a">Filipino Americans</subfield>
   <subfield code="x">Migrations.</subfield>
  </datafield>
  <datafield tag="650" ind1="0" ind2="0">
   <subfield code="a">Philippines.</subfield>
   <subfield code="x">Emigration and immigration.</subfield>
  </datafield>
  <datafield tag="856" ind1="0" ind2="0">
   <subfield code="y">Remote access thru OpenAthens account</subfield>
   <subfield code="u">https://www.degruyterbrill.com/document/doi/10.1515/9780822373124/html</subfield>
  </datafield>
  <datafield tag="905" ind1=" " ind2=" ">
   <subfield code="a">FI</subfield>
  </datafield>
  <datafield tag="852" ind1="0" ind2=" ">
   <subfield code="a">UPD</subfield>
   <subfield code="b">DMLF</subfield>
   <subfield code="h">JV 8685</subfield>
   <subfield code="i">P53 2020eb</subfield>
  </datafield>
  <datafield tag="942" ind1=" " ind2=" ">
   <subfield code="a">Electronic Resource</subfield>
  </datafield>
 </record>
</collection>
